Ιστορία της υπολογιστικής τεχνολογίας : από τον ENIAC έως το Διαδίκτυο
Αποθηκεύτηκε σε:
| Κύριος συγγραφέας: | |
|---|---|
| Μορφή: | Βιβλίο |
| Γλώσσα: | Greek English |
| Δημοσίευση: |
Αθήνα :
Κάτοπτρο,
c2006.
|
| Θέματα: | |
| Ετικέτες: |
Προσθήκη ετικέτας
Δεν υπάρχουν, Καταχωρήστε ετικέτα πρώτοι!
|
MARC
| LEADER | 00000cam a2200000 i 4500 | ||
|---|---|---|---|
| 001 | 1/51849 | ||
| 008 | 070821s2006 gr | ||| |||| ||gre|| | ||
| 020 | |a 9607778928 | ||
| 035 | |l 10089835 | ||
| 040 | |a GR-MyUA |b gre |e AACR2 | ||
| 041 | 1 | |a gre |h eng | |
| 082 | 0 | |a 004.09049 |2 (22) | |
| 100 | 1 | |a Ceruzzi, Paul E. | |
| 245 | 1 | 0 | |a Ιστορία της υπολογιστικής τεχνολογίας : |b από τον ENIAC έως το Διαδίκτυο / |c Paul E. Ceruzzi. |
| 260 | |a Αθήνα : |b Κάτοπτρο, |c c2006. | ||
| 300 | |a 487 σ. : |b εικ. ; |c 24 εκ. | ||
| 504 | |a Βιβλιογραφία: (σ. [459]-474). Ευρετήριο. | ||
| 650 | 0 | 0 | |a Computers |x History. |
| 650 | 0 | 0 | |a Electronic data processing |x History. |
| 765 | 0 | 8 | |i Μετάφραση τού: |t A history of modern computing / |
| 852 | |a INST |b CHIOS |c EUDOXUS |e 20130314 |h 004.09049 CER |p 005200034234 |q 005200034234 |t EDX |y 4 |x 20190927 | ||
| 852 | |a INST |b SYROS |e 20070821 |h 004.09049 CER |p 005500007253 |q 005500007253 |t BK |y 0 | ||
| 901 | |a BIBL5-2007-2 | ||
| 901 | |a BIBL2-2013-2 | ||
| 909 | |a Ε |b 135229 | ||
| 909 | |a Χ |b 175354 | ||
| 920 | |a Εύδοξος |b Παραγγελία |y Χίος |z 2013-02 | ||
| 922 | |a 5ΕΛΗ |b 200705 |c ΕΠΕΑΕΚ2/ΤΜΣΠΣ |d Σ. Πατάκης | ||
| 970 | |a Κοντού |b Παρασκευή |z 2007/08/21 | ||